Derecho de daǫs tecnolg̤icos, ciberseguridad e insurtech

Bibliographic Details
Main Author: Jimeno Muǫz, Jess︢
Format: eBook
Language:Spanish
Published: Madrid: Dykinson, 2019
Subjects:
Online Access:Acceso restringido

MARC

LEADER 00000nam a22000007a 4500
005 20190829021546.0
007 cr|||| ||||
008 190829s2019 es |||||s|||| 00||0 spa d
020 |a 978-84-1324-183-8 
035 |a 24158 
040 |a vLex 
090 |c 9325  |d 9325 
100 1 |a Jimeno Muǫz, Jess︢ 
245 1 0 |a Derecho de daǫs tecnolg̤icos, ciberseguridad e insurtech  |h [Recurso electrn̤ico] /  |c Jess︢ Jimeno Muǫz 
256 |a Servicio en ln̕ea 
260 |a Madrid:  |b Dykinson,  |c 2019 
300 |a 1 recurso electrn̤ico 
500 |a El desarrollo de las tecnologa̕s de la informacin̤ y su relevancia en el m̀bito socioeconm̤ico ha generado un verdadero cambio a nivel global denominado 4® Revolucin̤ Industrial, en el que las Tecnologa̕s de la Informacin̤ y la hiperconectividad constituyen un pilar fundamental para la sociedad actual. As,̕ el ecosistema digital ha adquirido una enorme relevancia social y jurd̕ica que est ̀transformando la sociedad del Siglo XXI. Las actuales realidades socioeconm̤icas plantean nuevos paradigmas y situaciones de las que se pueden derivar todo gňero de daǫs. As,̕ la presente obra elabora una clasificacin̤ comprensiva de los distintos tipos de bienes y derechos que puedan padecer algn︢ detrimento como consecuencia de las actividades llevadas a cabo en el ciberespacio. Y en particular, sobre aquellos en los que pueda recaer el interš del derecho privado. Todo ello, nos permitir ̀estudiar los conceptos y definiciones propias de la ciberseguridad y la gestin̤ de los riesgos tecnolg̤icos. La transferencia y gestin̤ de estos riesgos se llevar ̀a cabo por medio del denominado Insurtech que atiende a las realidades introducidas por los sistemas tecnolg̤icos actuales, como el blockchain, la economa̕ colaborativa, el IoT, y la Inteligencia Artificial. Y todo ello, constituye el entorno por el que el National Association of Insurance Commissioners (NAIC) considera que la Industria Aseguradora est ̀modificando sus polt̕icas y modelos comerciales para abordar un nuevo panorama competitivo. En definitiva, la obra trata de reunir un amplio conocimiento tčnico y jurd̕ico, para definir el marco del derecho de daǫs en el m̀bito tecnolg̤ico; y, abordar la importancia de la ciberseguridad como elemento esencial para la gestin̤ de los riesgos tecnolg̤icos, y su transferencia financiera por medio de las novedades introducidas por el Insurtech. 
506 1 |a Disponible solo en los productos indicados  |d vLex Global  |d vLex Global (Academic Edition, excluding Law Schools)  |d vLex Global (U.S. Academic Edition, Law Schools)  |d vLex Global (U.S. Academic Edition, excluding Law Schools)  |d vLex Global (Academic Edition, Law Schools) 
650 0 4 |a Contratos Mercantiles  |z Espaą 
650 0 4 |a Derecho de las Nuevas Tecnologa̕s  |z Espaą 
740 0 |a vLex Libros (Servicio en ln̕ea) 
856 4 0 |u http://vlex.com/source/derecho-de-da-os-tecnologicos-ciberseguridad-e-insurtech-24158  |z Acceso restringido 
942 |c BOOK 
999 0 |a Commercial Contracts 
999 0 |a New Technology Law